书目信息 |
| 题名: |
乡村生命校园
|
|
| 作者: | 梁中凯 , 宁方跃 著 | |
| 分册: | ||
| 出版信息: | 北京 国家行政学院出版社 2014 |
|
| 页数: | 206页 | |
| 开本: | 24cm | |
| 丛书名: | ||
| 单 册: | ||
| 中图分类: | G725 | |
| 科图分类: | ||
| 主题词: | 乡村教育--研究--中国 | |
| 电子资源: | ||
| ISBN: | 978-7-5150-0864-6 | |
| 000 | 00969nam0 2200253 450 | |
| 001 | 338420 | |
| 005 | 20150602101209.68 | |
| 010 | @a978-7-5150-0864-6@dCNY35.00 | |
| 100 | @a20140625d2014 em y0chiy50 ea | |
| 101 | 0 | @achi |
| 102 | @aCN@b110000 | |
| 105 | @aa z 000yy | |
| 106 | @ar | |
| 200 | 1 | @a乡村生命校园@Axiang cun sheng ming xiao yuan@f梁中凯, 宁方跃著 |
| 210 | @a北京@c国家行政学院出版社@d2014 | |
| 215 | @a206页@c照片, 图@d24cm | |
| 300 | @a国家教育部“十二五”规划2012年度重点课题《村寨儿童活动中心建设与管理研究》(课题批准编号:DHA120251)系列成果之一 | |
| 330 | @a本书主要对如何建设乡村生命校园做了翔实的阐述, 分别从学校、家长、学生以及社会等各个方面进行了切实可行的探讨, 并对该如何努力为促进乡村的教育建设做了积极的探索。 | |
| 606 | 0 | @a乡村教育@x研究@y中国 |
| 690 | @aG725@v5 | |
| 701 | 0 | @a梁中凯@Aliang zhong kai@f(1962)@4著 |
| 701 | 0 | @a宁方跃@Aning fang yue@f(1962)@4著 |
| 801 | 0 | @aCN@b卓展宏图@c20150525 |
| 905 | @dG725@e132@f4 | |
| 乡村生命校园/梁中凯, 宁方跃著.-北京:国家行政学院出版社,2014 |
| 206页:照片, 图;24cm |
| 国家教育部“十二五”规划2012年度重点课题《村寨儿童活动中心建设与管理研究》(课题批准编号:DHA120251)系列成果之一 |
| ISBN 978-7-5150-0864-6:CNY35.00 |
| 本书主要对如何建设乡村生命校园做了翔实的阐述, 分别从学校、家长、学生以及社会等各个方面进行了切实可行的探讨, 并对该如何努力为促进乡村的教育建设做了积极的探索。 |
| ● |
| 相关链接 |
|
|
|
|
正题名:乡村生命校园
索取号:G725/132
 
预约/预借
| 序号 | 登录号 | 条形码 | 馆藏地/架位号 | 状态 | 备注 |
| 1 | 862111 | 208621115 | 第一样本阅览室/ [索取号:G725/132] | 在馆 | |
| 2 | 862112 | 208621124 | 第四借阅区/ [索取号:G725/132] | 在馆 | |
| 3 | 862113 | 208621133 | 第四借阅区/ [索取号:G725/132] | 在馆 | |
| 4 | 862114 | 208621142 | 第四借阅区/ [索取号:G725/132] | 在馆 |